भारतीय सामाजिक संस्थाएं / (Record no. 118785)

MARC details
000 -LEADER
fixed length control field 01110nam a22002537a 4500
005 - DATE AND TIME OF LATEST TRANSACTION
control field 20170124103121.0
010 ## - LIBRARY OF CONGRESS CONTROL NUMBER
LC control number A-596279
020 ## - INTERNATIONAL STANDARD BOOK NUMBER
Terms of availability 40.00
035 ## - SYSTEM CONTROL NUMBER
System control number A-596279
037 ## - SOURCE OF ACQUISITION
Source of stock number/acquisition Cen Lib/Ret
040 ## - CATALOGING SOURCE
Original cataloging agency DPL
Language of cataloging HN
082 ## - DEWEY DECIMAL CLASSIFICATION NUMBER
Classification number 361.954
Item number शर्मावी
100 ## - MAIN ENTRY--PERSONAL NAME
Personal name शर्मा, वीरेंद्र प्रकाश
9 (RLIN) 42583
245 ## - TITLE STATEMENT
Title भारतीय सामाजिक संस्थाएं /
Statement of responsibility, etc वीरेंद्र प्रकाश शर्मा
246 ## - VARYING FORM OF TITLE
Title proper/short title Bhartiya samajik sansthayen /
Remainder of title by Vreenedra Prakash Sharma
260 ## - PUBLICATION, DISTRIBUTION, ETC. (IMPRINT)
Place of publication, distribution, etc जयपुर
Name of publisher, distributor, etc पंचशील प्रकाशन
Date of publication, distribution, etc 1993
270 ## - ADDRESS
City जयपुर
Address फिल कॉलोनी
Postal code 302003
300 ## - PHYSICAL DESCRIPTION
Extent vii,272पृ.
Dimensions 20सेमी(सजिल्द )
650 ## - SUBJECT ADDED ENTRY--TOPICAL TERM
Topical term or geographic name as entry element सामाजिक संस्थाएं--भारत
General subdivision
Geographic subdivision
9 (RLIN) 81890
650 ## - SUBJECT ADDED ENTRY--TOPICAL TERM
Topical term or geographic name as entry element संस्कृति--भारत
9 (RLIN) 81891
650 ## - SUBJECT ADDED ENTRY--TOPICAL TERM
Topical term or geographic name as entry element Social organizations - India
9 (RLIN) 81892
650 ## - SUBJECT ADDED ENTRY--TOPICAL TERM
Topical term or geographic name as entry element Culture - India
9 (RLIN) 78280
942 ## - ADDED ENTRY ELEMENTS (KOHA)
Source of classification or shelving scheme Dewey Decimal Classification
Koha item type Hindi Books
Classification part 361.954
Call number suffix शर्मावी
Holdings
Withdrawn status Lost status Damaged status Not for loan Home library Current library Date acquired Source of acquisition Cost, normal purchase price Total Checkouts Full call number Barcode Date last seen Copy number Cost, replacement price Price effective from Koha item type
        Central Library Central Library 14/09/2015 Cen Lib/Ref 40.00   361.954 शर्मावी A-596279 14/09/2015 1 40.00 14/09/2015 Hindi Books

© Delhi Public Library
Hit Counter
free hit counter